000
00404nam a22001097a 4500
082
_a
200
100
_a
सिंह इंद्रजीत
_9
83531
245
_a
रामायण और महाभारत काल की युद्ध कला
260
_a
नयी दिल्ली
_b
हरबंस लाल एण्ड संस
_c
2025
650
_a
धर्म
942
_c
HIN
999
_c
68475
_d
68475